[Event "C.to Provinciale CS"]
[Site "Amantea ITA"]
[Date "2007.01.07"]
[Round "5"]
[White "Nicoletta, Oscare"]
[Black "Gad, Alessandro"]
[Result "0-1"]
[WhiteElo "1440"]
[BlackElo "1410"]
[PlyCount "88"]
[EventDate "2007.01.05"]

1. e4 e5 2. d3 d6 3. Be2 Nc6 4. Nf3 f5 5. Nc3 Nf6 6. Bg5 f4 7. g3 h6 8. Bxf6
Qxf6 9. Nd5 Qd8 10. gxf4 exf4 11. Nxf4 Qf6 12. Nd5 Qf7 13. Qd2 Bh3 14. Rg1
O-O-O 15. Rg3 Be6 16. c4 g5 17. d4 g4 18. Ng1 Bg7 19. Qf4 Bxd5 20. Qxf7 Bxf7
21. Bxg4+ Kb8 22. d5 Ne5 23. Be2 Rhg8 24. b3 Nd3+ 25. Bxd3 Bxa1 26. Rxg8 Rxg8
27. Kf1 Kc8 28. f4 Kd7 29. Nf3 Bh5 30. Nh4 Rg4 31. Ng2 Bd4 32. Be2 Rxg2 33.
Bxh5 Rf2+ 34. Ke1 Rxf4 35. Ke2 Rxe4+ 36. Kd3 Rh4 37. Bg6 Be5 38. Bf5+ Ke7 39.
h3 Kf6 40. Bh7 Rxh3+ 41. Ke4 h5 42. Bf5 Rh4+ 43. Kf3 Kxf5 44. Kg2 Rd4 0-1

[Event "C.to Provinciale CS"]
[Site "Amantea ITA"]
[Date "2007.01.07"]
[Round "5"]
[White "Olivo, Paolo"]
[Black "Scalise, Sandro"]
[Result "1/2-1/2"]
[WhiteElo "1658"]
[BlackElo "1622"]
[PlyCount "38"]
[EventDate "2007.01.05"]

1. e4 Nf6 2. e5 Nd5 3. d4 d6 4. c4 Nb6 5. f4 dxe5 6. fxe5 Nc6 7. Nf3 Bg4 8. Be3
e6 9. a3 Be7 10. Nc3 O-O 11. Be2 f6 12. c5 Nd5 13. Nxd5 Qxd5 14. O-O fxe5 15.
dxe5 Bxf3 16. Bxf3 Qxe5 17. Qc1 Nd4 18. Bxd4 Qxd4+ 19. Kh1 Bxc5 1/2-1/2

[Event "C.to Provinciale CS"]
[Site "Amantea ITA"]
[Date "2007.01.07"]
[Round "5"]
[White "Paese, Salvatore"]
[Black "Mazzuca, Aldo"]
[Result "0-1"]
[WhiteElo "1438"]
[BlackElo "1440"]
[PlyCount "86"]
[EventDate "2007.01.05"]

1. d4 d5 2. Nf3 Nc6 3. e3 Nf6 4. Bb5 Bd7 5. Nc3 a6 6. Ba4 g6 7. Bb3 Be6 8. O-O
b5 9. a4 b4 10. Na2 Bh6 11. Bd2 a5 12. c3 Ne4 13. cxb4 Qd7 14. b5 Nd8 15. Rc1
O-O 16. Qe1 Nb7 17. Bc2 Bf5 18. Ne5 Qd6 19. Nc6 Nxd2 20. Qxd2 Qf6 21. f4 Qe6
22. Rce1 Bxc2 23. Qxc2 Nd8 24. Ne5 Qd6 25. Rf3 f6 26. Ng4 Bg7 27. Qb3 c6 28.
Nc3 cxb5 29. Nxb5 Qb4 30. Qxb4 axb4 31. b3 Rc8 32. e4 dxe4 33. Rxe4 f5 34. Rxe7
fxg4 35. Rf1 Rc2 36. g3 Nc6 37. Rc7 Re8 38. d5 Ree2 39. Rd1 Rg2+ 40. Kf1 Rcf2+
41. Ke1 Ra2 42. Rc8+ Bf8 43. dxc6 Rg1# 0-1

[Event "C.to Provinciale CS"]
[Site "Amantea ITA"]
[Date "2007.01.07"]
[Round "5"]
[White "Paletta, Giuseppe"]
[Black "Paragliola, Gennaro"]
[Result "1-0"]
[WhiteElo "1670"]
[BlackElo "1460"]
[PlyCount "89"]
[EventDate "2007.01.05"]

1. d4 Nf6 2. c4 e6 3. Nc3 Bb4 4. Bg5 O-O 5. e4 d6 6. Qc2 Nc6 7. Nf3 b6 8. Bd3
h6 9. Bxf6 Qxf6 10. O-O Nxd4 11. Nxd4 Qxd4 12. Nb5 Qc5 13. a3 Ba5 14. b4 Bxb4
15. axb4 Qxb4 16. Nxc7 Rb8 17. Rxa7 Qc5 18. Nb5 Bb7 19. Rd1 d5 20. exd5 exd5
21. cxd5 Bxd5 22. Qb1 Rfd8 23. Rc7 Qf8 24. Bc4 Bxc4 25. Rxd8 Qxd8 26. Rxc4 Qd2
27. h3 Re8 28. Rc1 Kf8 29. Nc7 Re2 30. Rd1 Qa5 31. Nd5 Qc5 32. Qxb6 Qxb6 33.
Nxb6 Ke7 34. Nd5+ Kf8 35. Kf1 Rb2 36. Rc1 Ke8 37. g3 Kd7 38. Ne3 Ke6 39. Rc2
Rb1+ 40. Kg2 g6 41. Re2 Kf6 42. Ng4+ Kg7 43. Re7 Kf8 44. Ra7 h5 45. Ne5 1-0

[Event "C.to Provinciale CS"]
[Site "Amantea ITA"]
[Date "2007.01.07"]
[Round "5"]
[White "Scerbo, Antonio"]
[Black "Grandinetti, Pietro"]
[Result "1-0"]
[WhiteElo "2117"]
[BlackElo "1600"]
[PlyCount "117"]
[EventDate "2007.01.05"]

1. d4 Nf6 2. c4 g6 3. Nc3 Bg7 4. e4 d6 5. Nf3 O-O 6. h3 Na6 7. Be3 e5 8. d5 Bd7
9. Bd3 Qe8 10. O-O Nh5 11. Qd2 Nc5 12. b4 Nxd3 13. Qxd3 f5 14. Rac1 f4 15. Bd2
g5 16. Nxg5 Qg6 17. Ne6 Bxe6 18. dxe6 f3 19. g4 Nf4 20. Qxf3 Nxe6 21. Qg2 Nd4
22. Nd5 Rf7 23. f4 exf4 24. Rxf4 Raf8 25. Rcf1 c6 26. Rxf7 Rxf7 27. Nf4 Qf6 28.
Nh5 Qxf1+ 29. Qxf1 Rxf1+ 30. Kxf1 Nf3 31. Bf4 Be5 32. Kf2 Nd4 33. Bxe5 dxe5 34.
Nf6+ Kg7 35. Nd7 Ne6 36. Nxe5 Ng5 37. Ke3 Nxh3 38. Nf3 Kf6 39. a4 Ke6 40. a5
Kf6 41. b5 cxb5 42. cxb5 Ke6 43. a6 bxa6 44. bxa6 Kd6 45. e5+ Kd5 46. Nd4 Ng5
47. Nb5 Kc6 48. Nxa7+ Kb6 49. Nc8+ Kxa6 50. Kf4 Ne6+ 51. Kf5 Nd4+ 52. Kf6 Kb7
53. Nd6+ Kc6 54. Nf5 Nb5 55. e6 Nc7 56. e7 Kd7 57. Kf7 Ne8 58. g5 Nc7 59. Ng7
1-0

[Event "C.to Provinciale CS"]
[Site "Amantea ITA"]
[Date "2007.01.07"]
[Round "5"]
[White "Vacchiano, Salvatore"]
[Black "Felisio, Antonio"]
[Result "1-0"]
[WhiteElo "1482"]
[BlackElo "1455"]
[PlyCount "97"]
[EventDate "2007.01.05"]

1. d4 Nf6 2. c4 e6 3. Nf3 b6 4. g3 Bb7 5. Bg2 Be7 6. d5 d6 7. dxe6 fxe6 8. Nc3
O-O 9. O-O c5 10. Ng5 Bxg2 11. Nxe6 Qc8 12. Nxf8 Qh3 13. f3 Kxf8 14. Rf2 Nc6
15. Rxg2 Re8 16. e4 Qe6 17. b3 a6 18. Bf4 Nh5 19. Be3 Qf7 20. Qd5 Ne5 21. Qxf7+
Kxf7 22. Rf1 Ke6 23. f4 Ng4 24. f5+ Kd7 25. Bf4 Nxf4 26. Rxf4 h5 27. Rd2 Bg5
28. Re2 Bxf4 29. gxf4 h4 30. Rg2 Ne3 31. Rxg7+ Re7 32. f6 Rf7 33. Rxf7+ Ke6 34.
Rf8 b5 35. cxb5 axb5 36. Nxb5 c4 37. bxc4 Nxc4 38. Nc7+ Kd7 39. Nd5 Ne3 40.
Nxe3 h3 41. Ra8 Ke6 42. Nd5 Kf7 43. Ra7+ Kf8 44. f5 Kg8 45. a4 Kf8 46. a5 Ke8
47. Rb7 Kd8 48. a6 Ke8 49. a7 1-0

[Event "C.to Provinciale PV"]
[Site "Vigevano ITA"]
[Date "2007.01.04"]
[Round "1"]
[White "Cornalba, Francesco"]
[Black "Arena, Piermario"]
[Result "0-1"]
[WhiteElo "1440"]
[BlackElo "1730"]
[PlyCount "88"]
[EventDate "2007.01.04"]

1. e4 d5 2. d3 dxe4 3. Be2 exd3 4. cxd3 e5 5. Nf3 Nc6 6. O-O Nf6 7. Nc3 Be7 8.
b3 O-O 9. a3 Bg4 10. b4 Qd7 11. Rb1 Rad8 12. Nxe5 Nxe5 13. b5 Rfe8 14. d4 Bxe2
15. Qxe2 Ng6 16. Re1 Bd6 17. Qd2 Rxe1+ 18. Qxe1 Re8 19. Be3 Ng4 20. Qe2 Bxh2+
21. Kf1 Bf4 22. Re1 Bxe3 23. fxe3 Rxe3 24. Qd2 Rxe1+ 25. Kxe1 Qe6+ 26. Kd1 h5
27. Ne4 Qxe4 28. a4 Nf4 29. g3 Ne3+ 30. Kc1 Nd3+ 31. Kb1 Nb2+ 32. Kxb2 Nc4+ 33.
Kc1 Nxd2 34. Kxd2 Qxd4+ 35. Ke2 Kf8 36. Kf3 Ke7 37. a5 Kf6 38. a6 bxa6 39. bxa6
Kf5 40. g4+ Qxg4+ 41. Ke3 Qe4+ 42. Kd2 Qf3 43. Kc2 Ke4 44. Kb2 Qd3 0-1

[Event "C.to Provinciale PV"]
[Site "Vigevano ITA"]
[Date "2007.01.04"]
[Round "1"]
[White "Giuberchio, Cesare"]
[Black "Angalone, Ruggero"]
[Result "1-0"]
[WhiteElo "1937"]
[BlackElo "1440"]
[PlyCount "67"]
[EventDate "2007.01.04"]

1. e4 e5 2. Nf3 Nc6 3. Bc4 Nf6 4. d4 d6 5. Nc3 Bg4 6. dxe5 dxe5 7. Qxd8+ Rxd8
8. Bb5 Bb4 9. Bg5 O-O 10. Bxc6 bxc6 11. Nxe5 Bxc3+ 12. bxc3 Rd6 13. Bxf6 gxf6
14. Nxg4 Rfd8 15. h4 Kg7 16. Ne3 c5 17. Nf5+ Kg6 18. Nxd6 Rxd6 19. Ke2 Rb6 20.
Rab1 Ra6 21. Rb2 Ra3 22. Rh3 Ra4 23. Re3 Rc4 24. Rb7 Kh5 25. Rxa7 Kxh4 26. Kd3
Rxc3+ 27. Kxc3 Kg4 28. Rxc7 Kf4 29. Rxc5 f5 30. Rxf5+ Kg4 31. Rg3+ Kh4 32. Rxf7
h6 33. Rf5 h5 34. Rf4# 1-0

[Event "C.to Provinciale PV"]
[Site "Vigevano ITA"]
[Date "2007.01.04"]
[Round "1"]
[White "Madaschi, Sergio"]
[Black "Bosi, Clint"]
[Result "0-1"]
[WhiteElo "1520"]
[BlackElo "2048"]
[PlyCount "44"]
[EventDate "2007.01.04"]

1. e4 c5 2. Nf3 Nc6 3. Nc3 d6 4. g3 g6 5. d3 Bg7 6. Bg2 Nf6 7. O-O O-O 8. h3
Rb8 9. Be3 h5 10. a3 Bd7 11. d4 cxd4 12. Nxd4 Ne5 13. b3 Qc8 14. Qd2 Bxh3 15.
f3 Bd7 16. Nce2 Qc7 17. Nf4 Nc6 18. g4 Nxd4 19. Bxd4 e5 20. Bxe5 dxe5 21. Nd5
Nxd5 22. Qxd5 Be6 0-1

[Event "C.to Provinciale PV"]
[Site "Vigevano ITA"]
[Date "2007.01.04"]
[Round "1"]
[White "Melino, Gianluca"]
[Black "Fiocchi, Marco"]
[Result "1-0"]
[WhiteElo "1637"]
[BlackElo "1440"]
[PlyCount "55"]
[EventDate "2007.01.04"]

1. d4 d5 2. e4 Nf6 3. Nc3 e6 4. Bg5 Be7 5. Bxf6 Bxf6 6. e5 Be7 7. Bd3 Nc6 8.
Nf3 h6 9. O-O b6 10. a3 Bb7 11. Ne2 g5 12. c3 Qd7 13. b4 a6 14. a4 a5 15. b5
Na7 16. Nd2 c6 17. c4 cxb5 18. cxb5 f6 19. Bg6+ Kf8 20. f4 Kg7 21. f5 exf5 22.
Bxf5 Qd8 23. Ng3 Bc8 24. Qh5 Rg8 25. e6 Qe8 26. Bg6 Qd8 27. Bf7 Rf8 28. Qg6+
1-0

[Event "C.to Provinciale PV"]
[Site "Vigevano ITA"]
[Date "2007.01.05"]
[Round "2"]
[White "Angalone, Ruggero"]
[Black "Cornalba, Francesco"]
[Result "1-0"]
[WhiteElo "1440"]
[BlackElo "1440"]
[PlyCount "45"]
[EventDate "2007.01.04"]

1. e4 e5 2. Nc3 Nf6 3. Nf3 Nc6 4. Bb5 Bb4 5. d3 O-O 6. Bg5 d6 7. O-O a6 8. Bxc6
bxc6 9. Bxf6 Qxf6 10. Ne1 Rb8 11. a3 Bc5 12. b4 Bd4 13. Qd2 Bxc3 14. Qxc3 d5
15. exd5 cxd5 16. Qxc7 Rb5 17. Nf3 Bg4 18. Qxe5 Qd8 19. Qg5 Qe8 20. Qxg4 Rb7
21. Ng5 Re7 22. Qh5 Qc8 23. Qxh7# 1-0

[Event "C.to Provinciale PV"]
[Site "Vigevano ITA"]
[Date "2007.01.05"]
[Round "2"]
[White "Arena, Piermario"]
[Black "Giuberchio, Cesare"]
[Result "0-1"]
[WhiteElo "1730"]
[BlackElo "1937"]
[PlyCount "86"]
[EventDate "2007.01.04"]

1. e4 e5 2. Nf3 Nc6 3. Bb5 a6 4. Ba4 Nf6 5. O-O b5 6. Bb3 Bb7 7. d3 Bc5 8. h3
d6 9. Nc3 h6 10. Qe2 Na5 11. Be3 Nxb3 12. axb3 Bxe3 13. Qxe3 O-O 14. Nh2 Nh5
15. Ne2 f5 16. exf5 Rxf5 17. g4 Qg5 18. Qxg5 Rxg5 19. f4 Nxf4 20. Nxf4 exf4 21.
Rxf4 Re8 22. Nf3 Rg6 23. Re1 Rxe1+ 24. Nxe1 h5 25. Kf2 hxg4 26. hxg4 Rh6 27.
Kg3 Rh1 28. Ng2 Rb1 29. Ne3 Rxb2 30. Rf1 Ra2 31. Kf4 b4 32. Kg5 Ra5+ 33. Kg6
Bc6 34. Rf5 Rxf5 35. Nxf5 Be8+ 36. Kg5 Kf7 37. Kf4 Bd7 38. Ne3 Bc6 39. Nf5 a5
40. Nd4 Bd7 41. Ne2 a4 42. bxa4 Bxa4 43. Nd4 c5 0-1

[Event "C.to Provinciale PV"]
[Site "Vigevano ITA"]
[Date "2007.01.05"]
[Round "2"]
[White "Berra, Davide"]
[Black "Crimi, Alessandro"]
[Result "1-0"]
[WhiteElo "2206"]
[BlackElo "1922"]
[PlyCount "51"]
[EventDate "2007.01.04"]

1. d4 Nf6 2. Nc3 c5 3. d5 d6 4. g3 g6 5. Bg2 Bg7 6. Nf3 Na6 7. O-O Rb8 8. a4
Nb4 9. h3 b6 10. Nd2 O-O 11. Nc4 Nd7 12. Nb5 a6 13. Nba3 b5 14. Ne3 Nb6 15. c3
bxa4 16. cxb4 cxb4 17. Nac2 a5 18. Nd4 Bd7 19. Nc6 Bxc6 20. dxc6 a3 21. Rb1 e6
22. bxa3 d5 23. axb4 d4 24. bxa5 Na4 25. Rxb8 Qxb8 26. Qxa4 1-0

[Event "C.to Provinciale PV"]
[Site "Vigevano ITA"]
[Date "2007.01.05"]
[Round "2"]
[White "Bosi, Clint"]
[Black "Melino, Gianluca"]
[Result "1-0"]
[WhiteElo "2048"]
[BlackElo "1637"]
[PlyCount "79"]
[EventDate "2007.01.04"]

1. e4 c5 2. b4 d6 3. bxc5 dxc5 4. Nf3 Nc6 5. Bb5 Bd7 6. O-O a6 7. Bxc6 Bxc6 8.
d3 e6 9. Bb2 Nf6 10. Ne5 Be7 11. Nxc6 bxc6 12. Nd2 O-O 13. Nc4 Nd7 14. Rb1 Rb8
15. Qd2 Bf6 16. Bxf6 Nxf6 17. Qa5 Qd4 18. h3 Nxe4 19. Rxb8 Rxb8 20. Qc7 Rf8 21.
Qxc6 Ng3 22. Rb1 Ne2+ 23. Kf1 Nf4 24. Qe4 Nd5 25. Qxd4 cxd4 26. a3 Rd8 27. Rb7
Kf8 28. Ke2 Ke8 29. Kf3 Rd7 30. Rxd7 Kxd7 31. Ke4 f6 32. Kxd4 Nf4 33. Ne3 e5+
34. Kc5 Ne6+ 35. Kb6 Nc7 36. c4 Ne6 37. Nd5 Kd6 38. Nb4 Nc5 39. Nxa6 Nxd3 40.
c5+ 1-0

[Event "C.to Provinciale PV"]
[Site "Vigevano ITA"]
[Date "2007.01.05"]
[Round "2"]
[White "Luise, Massimo"]
[Black "Madaschi, Sergio"]
[Result "1/2-1/2"]
[WhiteElo "1488"]
[BlackElo "1520"]
[PlyCount "116"]
[EventDate "2007.01.04"]

1. e4 d6 2. d4 Nf6 3. Nc3 g6 4. Nf3 Bg7 5. Be3 a6 6. Qd2 b5 7. b4 Ng4 8. Bf4
O-O 9. Be2 Bb7 10. O-O e5 11. Bg5 Qe8 12. h3 Nf6 13. d5 Nbd7 14. a4 bxa4 15.
Rxa4 Nb8 16. Rfa1 c6 17. dxc6 Qxc6 18. Bxf6 Bxf6 19. b5 axb5 20. Bxb5 Rxa4 21.
Bxa4 Qa6 22. Ra2 Qb6 23. Bb3 Rd8 24. Nd5 Bxd5 25. Qxd5 Rf8 26. Nd2 Nd7 27. Nc4
Qb4 28. Kf1 Nb6 29. Qxd6 Qxd6 30. Nxd6 Be7 31. Nc4 Nxc4 32. Bxc4 Bc5 33. Bd5
Bd4 34. Ra8 Rxa8 35. Bxa8 Kf8 36. Ke2 Ke7 37. f3 Kd6 38. Bd5 f6 39. h4 h6 40.
g4 g5 41. hxg5 hxg5 42. Kd3 Ba7 43. Kc4 Bf2 44. Kb5 Bd4 45. Ka6 Bc3 46. Kb7 Bd4
47. Kc8 Ke7 48. Kc7 Bc3 49. Kc6 Bd4 50. c4 Bc3 51. c5 Bd4 52. Kb5 Kd8 53. c6
Kc7 54. Be6 Bb6 55. Bd7 Bd4 56. Kc4 Kd6 57. Be8 Bb6 58. Kb5 Kc7 1/2-1/2

[Event "C.to Provinciale PV"]
[Site "Vigevano ITA"]
[Date "2007.01.05"]
[Round "3"]
[White "Angalone, Ruggero"]
[Black "Luise, Massimo"]
[Result "0-1"]
[WhiteElo "1440"]
[BlackElo "1488"]
[PlyCount "100"]
[EventDate "2007.01.04"]

1. e4 e6 2. Nc3 d5 3. d3 Bb4 4. Nf3 d4 5. Bg5 Nf6 6. Qd2 dxc3 7. bxc3 Ba5 8.
Be2 h6 9. Bxf6 Qxf6 10. O-O Bxc3 11. e5 Bxe5 12. Nxe5 Qxe5 13. Qe3 Qxe3 14.
fxe3 c5 15. d4 cxd4 16. exd4 Nc6 17. Bb5 Bd7 18. c3 Rc8 19. Bxc6 Bxc6 20. Rf2
f5 21. c4 Kf7 22. Rd1 Rhd8 23. Rfd2 a6 24. d5 Ba4 25. Rb1 Rc7 26. Rb4 b5 27.
cxb5 axb5 28. Re2 Rxd5 29. Rb1 Rd1+ 30. Re1 Rxe1+ 31. Rxe1 Rc2 32. Ra1 b4 33.
a3 bxa3 34. Rxa3 Bc6 35. Ra7+ Kf6 36. Ra6 Bxg2 37. Rb6 f4 38. Rb8 f3 39. Rf8+
Kg6 40. Rf4 e5 41. Rg4+ Kf6 42. Rg6+ Kf5 43. Rxg7 Ke4 44. h4 Bh3 45. Rg3 Rg2+
46. Kf1 Rxg3+ 47. Kf2 Rg2+ 48. Kf1 Ra2+ 49. Ke1 f2+ 50. Kd1 f1=R# 0-1

[Event "C.to Provinciale PV"]
[Site "Vigevano ITA"]
[Date "2007.01.05"]
[Round "3"]
[White "Cornalba, Francesco"]
[Black "Madaschi, Sergio"]
[Result "0-1"]
[WhiteElo "1440"]
[BlackElo "1520"]
[PlyCount "44"]
[EventDate "2007.01.04"]

1. e4 c5 2. Nc3 Nc6 3. Nf3 d6 4. d3 g6 5. Be2 Bg7 6. Nd5 e6 7. Nf4 Nf6 8. O-O
O-O 9. c4 e5 10. Nh3 Bxh3 11. Nh4 Be6 12. Bd2 Nd4 13. Bg4 Bxg4 14. Qc1 Ne2+ 15.
Kh1 Nxc1 16. Bxc1 Be2 17. Re1 Bxd3 18. a4 Nxe4 19. Ra3 Nxf2+ 20. Kg1 Qxh4 21.
Rd1 Nxd1 22. Rxd3 Qe1# 0-1

[Event "C.to Provinciale PV"]
[Site "Vigevano ITA"]
[Date "2007.01.05"]
[Round "3"]
[White "Crimi, Alessandro"]
[Black "Sparpaglione, Bruno"]
[Result "0-1"]
[WhiteElo "1922"]
[BlackElo "1772"]
[PlyCount "54"]
[EventDate "2007.01.04"]

1. d4 d5 2. c4 c6 3. Nf3 Nf6 4. Bf4 g6 5. Nc3 Bg7 6. cxd5 cxd5 7. Ne5 Qb6 8.
Na4 Qb4+ 9. Bd2 Qxd4 10. Rc1 O-O 11. Nf3 Qg4 12. Nc5 Ne4 13. h3 Qf5 14. g4 Qf6
15. Nxe4 dxe4 16. Ng5 Nc6 17. Nxe4 Qxb2 18. Rc2 Qd4 19. Bg2 Nb4 20. Rc5 Be6 21.
Rb5 Nxa2 22. Qb1 Rad8 23. Bg5 Nc3 24. Nxc3 Qxc3+ 25. Kf1 Ba2 26. Qe1 Qxe1+ 27.
Kxe1 Bc3+ 0-1

[Event "C.to Provinciale PV"]
[Site "Vigevano ITA"]
[Date "2007.01.05"]
[Round "3"]
[White "Fiocchi, Marco"]
[Black "Arena, Piermario"]
[Result "1/2-1/2"]
[WhiteElo "1440"]
[BlackElo "1730"]
[PlyCount "120"]
[EventDate "2007.01.04"]

1. e4 d5 2. exd5 Qxd5 3. Nc3 Qa5 4. d4 Nf6 5. Nf3 c6 6. Be2 Bf5 7. O-O e6 8. a3
Nbd7 9. Rb1 Qc7 10. Re1 Bd6 11. g3 Nd5 12. Bd3 Nxc3 13. bxc3 Bg6 14. c4 O-O 15.
Bxg6 hxg6 16. c5 Be7 17. Bf4 Qc8 18. Re4 Nf6 19. Re5 Nd5 20. Qd2 b5 21. h4 Bf6
22. Re4 a5 23. Bg5 b4 24. a4 Nc3 25. Ree1 Nxb1 26. Rxb1 Qd8 27. Bxf6 gxf6 28.
g4 Qd5 29. Kg2 e5 30. dxe5 Qxd2 31. Nxd2 fxe5 32. Nc4 f6 33. Rh1 Rab8 34. Nxa5
Ra8 35. Nxc6 Rxa4 36. Rb1 Rf7 37. Nxb4 Rb7 38. c3 Rb5 39. c6 Rc5 40. c7 Rxc7
41. Nd5 Rf7 42. Rb8+ Kg7 43. Rc8 Rxg4+ 44. Kh3 Ra4 45. c4 Ra2 46. Kg2 Rc2 47.
c5 Rd7 48. Nb4 Rc4 49. Na6 Ra7 50. Nb8 Ra8 51. Rc7+ Kh6 52. Nd7 Rxh4 53. Nxf6
Kg5 54. Nh7+ Rxh7 55. Rxh7 Rc8 56. Re7 Rxc5 57. f3 Kf6 58. Ra7 Rc2+ 59. Kg3 Kg5
60. Ra5 Kf6 1/2-1/2

[Event "C.to Provinciale PV"]
[Site "Vigevano ITA"]
[Date "2007.01.05"]
[Round "3"]
[White "Giuberchio, Cesare"]
[Black "Bosi, Clint"]
[Result "0-1"]
[WhiteElo "1937"]
[BlackElo "2048"]
[PlyCount "96"]
[EventDate "2007.01.04"]

1. Nf3 Nf6 2. c4 g6 3. b4 Bg7 4. Bb2 O-O 5. g3 c6 6. Bg2 d5 7. Qc2 Bf5 8. d3
Qd7 9. O-O Bh3 10. a4 Bxg2 11. Kxg2 Na6 12. b5 Nc7 13. Nbd2 cxb5 14. axb5 Rfc8
15. Qb3 Ne6 16. Ra2 dxc4 17. Nxc4 Rc5 18. b6 a6 19. Ba3 Rb5 20. Qa4 Nd5 21.
Nce5 Qd8 22. Rc2 Nxb6 23. Qh4 Bxe5 24. Nxe5 Rxe5 25. Bxe7 Qxe7 26. Qxe7 Nf4+
27. gxf4 Rxe7 28. e4 Rc8 29. Rxc8+ Nxc8 30. Kf3 Rd7 31. Ke3 Ne7 32. d4 f5 33.
f3 Kf7 34. Rb1 b5 35. Ra1 Ra7 36. d5 Nc8 37. Kd4 a5 38. e5 b4 39. Rc1 Ne7 40.
d6 a4 41. dxe7 a3 42. Re1 b3 43. Kc3 Rb7 44. Rd1 b2 45. Kc2 a2 46. e6+ Kxe7 47.
Rd7+ Rxd7 48. exd7 b1=Q+ 0-1

[Event "C.to Provinciale PV"]
[Site "Vigevano ITA"]
[Date "2007.01.05"]
[Round "3"]
[White "Melino, Gianluca"]
[Black "Berra, Davide"]
[Result "0-1"]
[WhiteElo "1637"]
[BlackElo "2206"]
[PlyCount "54"]
[EventDate "2007.01.04"]

1. d4 e6 2. Nf3 f5 3. Bg5 Be7 4. Bxe7 Qxe7 5. e3 Nf6 6. a3 b6 7. Be2 Bb7 8. O-O
O-O 9. c4 d6 10. Nc3 Nbd7 11. Qc2 Ne4 12. Nxe4 Bxe4 13. Qd1 e5 14. Nd2 Bb7 15.
Bf3 e4 16. Be2 Rae8 17. Qc2 c5 18. Nb3 a5 19. dxc5 dxc5 20. Rad1 Ne5 21. Nc1
Qh4 22. h3 Rf6 23. Na2 f4 24. exf4 Nf3+ 25. Kh1 e3 26. fxe3 Nd4 27. exd4 Qxh3+
0-1

[Event "C.to Provinciale PV"]
[Site "Vigevano ITA"]
[Date "2007.01.06"]
[Round "4"]
[White "Arena, Piermario"]
[Black "Sparpaglione, Bruno"]
[Result "0-1"]
[WhiteElo "1730"]
[BlackElo "1772"]
[PlyCount "106"]
[EventDate "2007.01.04"]

1. e4 c6 2. d4 d5 3. e5 g6 4. Bd3 Qb6 5. c3 Bg7 6. Nf3 Nh6 7. O-O Bf5 8. Bxf5
Nxf5 9. Nbd2 e6 10. Qb3 Nd7 11. Qxb6 Nxb6 12. b3 c5 13. dxc5 Nd7 14. Ba3 Nxe5
15. Nxe5 Bxe5 16. Rac1 Ne7 17. Rfe1 Bf6 18. c4 Bg5 19. Rcd1 Bxd2 20. Rxd2 O-O-O
21. Bb2 Rhe8 22. cxd5 Rxd5 23. Red1 Rxc5 24. Ba3 Rc7 25. Bd6 Rc6 26. Ba3 Nd5
27. Rc1 Rxc1+ 28. Bxc1 Kd7 29. Kf1 Rc8 30. Ba3 b5 31. Bb2 Ke7 32. Ke1 h5 33. g3
b4 34. a3 bxa3 35. Bxa3+ Kf6 36. Bb2+ Kg5 37. Bd4 Rc1+ 38. Rd1 Rxd1+ 39. Kxd1
a6 40. h3 Kf5 41. Ke2 Ke4 42. Bb2 Ne7 43. f3+ Kd5 44. Kd3 Nc6 45. Bc3 e5 46. g4
f5 47. gxh5 gxh5 48. h4 Kc5 49. Ke3 Kd5 50. Kd3 Nd8 51. Ke3 Ne6 52. Ba5 Nd4 53.
b4 Nc6 0-1

[Event "C.to Provinciale PV"]
[Site "Vigevano ITA"]
[Date "2007.01.06"]
[Round "4"]
[White "Bosi, Clint"]
[Black "Berra, Davide"]
[Result "0-1"]
[WhiteElo "2048"]
[BlackElo "2206"]
[PlyCount "58"]
[EventDate "2007.01.04"]

1. e4 e6 2. d4 d5 3. Nc3 Bb4 4. e5 c5 5. a3 Bxc3+ 6. bxc3 Ne7 7. f4 Nbc6 8. Nf3
Qb6 9. Bd2 cxd4 10. Rb1 Qc5 11. Rb5 Qxa3 12. cxd4 Qa4 13. Be3 b6 14. Bd3 Ba6
15. Rb3 Bc4 16. O-O Nf5 17. Bf2 Na5 18. Bxc4 Nxc4 19. g4 Ne7 20. Bh4 Ng6 21. f5
Nxh4 22. Nxh4 O-O-O 23. fxe6 fxe6 24. Rf7 Rd7 25. Rbf3 Rhd8 26. Rxd7 Rxd7 27.
Rf8+ Kb7 28. Nf3 Qa3 29. Qd3 Qxf8 0-1

[Event "C.to Provinciale PV"]
[Site "Vigevano ITA"]
[Date "2007.01.06"]
[Round "4"]
[White "Crimi, Alessandro"]
[Black "Angalone, Ruggero"]
[Result "1-0"]
[WhiteElo "1922"]
[BlackElo "1440"]
[PlyCount "31"]
[EventDate "2007.01.04"]

1. d4 d5 2. c4 Nf6 3. cxd5 Nxd5 4. e4 Nf6 5. Nc3 Nc6 6. Nf3 Bg4 7. d5 Ne5 8.
Be2 Nfd7 9. Bf4 f6 10. Nd4 g5 11. Bg3 Bxe2 12. Qxe2 Nc5 13. b4 Na6 14. Ne6 Qd7
15. Bxe5 fxe5 16. Qh5# 1-0

[Event "C.to Provinciale PV"]
[Site "Vigevano ITA"]
[Date "2007.01.06"]
[Round "4"]
[White "Luise, Massimo"]
[Black "Giuberchio, Cesare"]
[Result "1/2-1/2"]
[WhiteElo "1488"]
[BlackElo "1937"]
[PlyCount "66"]
[EventDate "2007.01.04"]

1. e4 e5 2. Bc4 Nf6 3. Nc3 Nxe4 4. Bxf7+ Kxf7 5. Nxe4 d5 6. Nc3 Be6 7. d3 Bc5
8. Qh5+ g6 9. Qxe5 Nc6 10. Qg5 Re8 11. Nge2 Qxg5 12. Bxg5 d4 13. Nb5 Rac8 14.
O-O a6 15. Na3 Bxa2 16. Rfe1 Bd5 17. Nf4 Be6 18. Nxe6 Rxe6 19. Rxe6 Kxe6 20.
Nc4 Kf5 21. Bd2 Re8 22. Kf1 Bb4 23. Bxb4 Nxb4 24. Na3 h5 25. Rd1 Nd5 26. Nc4 h4
27. h3 g5 28. Na5 Re6 29. Nxb7 Rb6 30. Nc5 Rxb2 31. Nb3 Kf6 32. Nxd4 c5 33. Nb3
Rxc2 1/2-1/2

[Event "C.to Provinciale PV"]
[Site "Vigevano ITA"]
[Date "2007.01.06"]
[Round "4"]
[White "Madaschi, Sergio"]
[Black "Melino, Gianluca"]
[Result "1-0"]
[WhiteElo "1520"]
[BlackElo "1637"]
[PlyCount "105"]
[EventDate "2007.01.04"]

1. e4 c5 2. Nc3 Nc6 3. g3 Nf6 4. Bg2 d6 5. d3 e5 6. Nge2 Be7 7. O-O a6 8. a4
Qc7 9. Kh1 Bd7 10. f4 h5 11. h3 h4 12. g4 Nxg4 13. hxg4 Bxg4 14. Bf3 Bxf3+ 15.
Rxf3 Qd7 16. Qg1 Nb4 17. Bd2 O-O-O 18. Rc1 Rdg8 19. fxe5 dxe5 20. Qh2 Bf6 21.
Qh3 Qxh3+ 22. Rxh3 g5 23. Rf3 Rg6 24. Rcf1 Rhh6 25. Nd5 Nxd5 26. exd5 Kd7 27.
Nc3 g4 28. Bxh6 gxf3 29. Be3 Rg3 30. Kh2 e4 31. Nxe4 Rg2+ 32. Kh3 Be5 33. Rxf3
Rh2+ 34. Kg4 h3 35. Rxh3 f5+ 36. Kh4 fxe4 37. Rxh2 Bxh2 38. dxe4 Kd6 39. Kg4
Ke5 40. Kf3 b6 41. a5 b5 42. Bxc5 Kf6 43. Bd4+ Ke7 44. e5 Kd7 45. Ke4 Bg3 46.
Bc3 Bh2 47. Bb4 Bg3 48. Kf5 Ke8 49. Ke6 Bh4 50. d6 Be7 51. Kd5 Bd8 52. e6 Be7
53. d7+ 1-0

[Event "C.to Provinciale PV"]
[Site "Vigevano ITA"]
[Date "2007.01.06"]
[Round "5"]
[White "Angalone, Ruggero"]
[Black "Fiocchi, Marco"]
[Result "1-0"]
[WhiteElo "1440"]
[BlackElo "1440"]
[PlyCount "55"]
[EventDate "2007.01.04"]

1. e4 e5 2. Nc3 Nf6 3. Nf3 a6 4. Bc4 Nc6 5. Bd5 Nb4 6. O-O c6 7. Bc4 b5 8. a3
bxc4 9. axb4 Bxb4 10. Nxe5 Bxc3 11. bxc3 Nxe4 12. Qe1 Nd6 13. d4 O-O 14. Ba3
Qc7 15. Bxd6 Qxd6 16. Rb1 Re8 17. Rb4 f6 18. f4 fxe5 19. fxe5 Qd5 20. Rf3 c5
21. Rb6 cxd4 22. Rd6 Qb7 23. cxd4 Qa7 24. c3 Bb7 25. Rh3 Rab8 26. Rxd7 Qa8 27.
Qg3 Red8 28. Qxg7# 1-0

[Event "C.to Provinciale PV"]
[Site "Vigevano ITA"]
[Date "2007.01.06"]
[Round "5"]
[White "Arena, Piermario"]
[Black "Crimi, Alessandro"]
[Result "1/2-1/2"]
[WhiteElo "1730"]
[BlackElo "1922"]
[PlyCount "68"]
[EventDate "2007.01.04"]

1. e4 c5 2. c3 e6 3. d4 d5 4. e5 Nc6 5. Nf3 Qb6 6. Be2 Bd7 7. a3 cxd4 8. cxd4
Nge7 9. b4 Nf5 10. Be3 Rc8 11. O-O Be7 12. g4 Nxe3 13. fxe3 Qd8 14. Qe1 h5 15.
h3 hxg4 16. hxg4 Bh4 17. Nxh4 Qxh4 18. Qxh4 Rxh4 19. Rf2 Ne7 20. Nd2 Rc2 21.
Nb3 Rc3 22. Nc5 Rxe3 23. Nxb7 Rg3+ 24. Rg2 Rgh3 25. Nd6+ Kf8 26. Rf1 Rh1+ 27.
Kf2 Ng6 28. Rxh1 Rxh1 29. Kg3 Ra1 30. Rf2 Rxa3+ 31. Kh2 Nh8 32. g5 Ra2 33. Kg3
Ra3+ 34. Kh2 Ra2 1/2-1/2